Geography by Picture - Y - Statistics

General Stats
  • This quiz has been taken 262 times
  • The average score is 10 of 18
Answer Stats
Picture Hint Answer % Correct
country Yemen
90%
sea (light blue) Yellow Sea
89%
former country Yugoslavia
85%
university Yale
82%
national park Yosemite
78%
peninsula Yucatán
77%
river Yangtze
75%
historic county Yorkshire
71%
portable dwelling Yurt
65%
language Yiddish
60%
city Yalta
54%
capital city Yaoundé
50%
capital city Yerevan
49%
ethnic group Yoruba
27%
city Yakutsk
22%
river (red one) Yenisei
22%
province Yunnan
19%
city Yogyakarta
10%
No matching quizzes found
Score Distribution
Percent of People with Each Score
Percentile by Number Answered
Your Score History
You have not taken this quiz